000 00568nam a2200193 a 4500
005 20210223125109.0
008 030904s1996 mx r 000 0 spa d
020 _a9681101685
035 _aUPN01000128535
049 _aCG
050 4 _aQD466
_bA7.28
100 1 _aAsimov, Isaac,
_d1920-1992
_928540
245 1 3 _aLa búsqueda de los elementos /
_cIsaac Asimov ; tr. Lorenzo Cortina.
260 _aMéxico :
_bPlaza & Janes,
_c1996.
300 _a236 p.
440 0 _aTribuna.
_pBiblioteca de Isaac Asimov
650 4 _aELEMENTOS QUIMICOS
_916906
905 _aLibro
999 _c100712
_d100712